Detalles MARC
| 000 -LEADER |
| longitud fija campo de control |
02019aab a2200421 a 4500 |
| 003 - IDENTIFICADOR DE NUMERO DE CONTROL |
| control del campo |
AR-RoUNA |
| 008 - CAMPO DE CONTROL - LIBROS |
| longitud fija campo de control |
140529||||||||||||||||| |||| 0|||| d |
| 022 ## - ISSN |
| ISSN |
0210-2080 |
| 040 ## - ORIGEN DE LA CATALOGACION |
| Agencia que cataloga la obra original |
AR-RoUNA |
| Idioma en que se cataloga |
spa |
| 041 ## - CODIGO DE IDIOMA |
| Codigo de idioma del texto / sonido o titulo separado |
spa |
| -- |
eng |
| 044 ## - CODIGO DE PAIS / ENTIDAD PRODUCTORA |
| Codigo MARC del pais |
ag |
| 080 ## - CDU |
| Numero de clasificacion |
72.036 |
| 092 ## - SIGNATURA TOPOGRAFICA |
| Libristica |
ON58 |
| 245 13 - TITULO PROPIAMENTE DICHO |
| Titulo |
On Diseño / |
| Numero de la parte / seccion de una obra |
Nº 184 |
| 260 ## - EDITORIAL - PUBLICACION, DISTRIBUCION, ETC. (Pie de imprenta) |
| Lugar de publicacion, distribucion, etc |
Barcelona : |
| Nombre del editor, distribuidor, etc |
On Diseño, |
| Fecha de publicacion |
1996 |
| 300 ## - DESCRIPCION FISICA |
| Extension |
171 p. : |
| Otros detalles fisicos |
dib., |
| -- |
fot. col., |
| -- |
plantas, |
| Dimensiones |
29x24 cm |
| 505 0# - NOTA DE CONTENIDO CON FORMATO |
| Título principal |
Grec 97/ Con un seis y un cuatro aquí tienes tu retrato, o el Fauno del Grec 97. p. 70 |
| 505 0# - NOTA DE CONTENIDO CON FORMATO |
| Título |
PREMIOS FAD DE ARQUITECTURA E INTERIORISMO 1997 |
| 505 0# - NOTA DE CONTENIDO CON FORMATO |
| Título principal |
Dos Viviendas en la Font de Fargas/ Barcelona Merce Zazurca y Pep Gorgas. p. 82 |
| 505 0# - NOTA DE CONTENIDO CON FORMATO |
| Título principal |
Escuela Riumar. Deltebre. Tarragona/ Manuel Ruisanchez y Xavier Vndrell. p.92 |
| 505 0# - NOTA DE CONTENIDO CON FORMATO |
| Título principal |
Instituto de enseñanza secundaria en Mollet. Barcelona/ Jaume Bach y Gabriel Mora. p. 102 |
| 505 0# - NOTA DE CONTENIDO CON FORMATO |
| Título principal |
Instituto de enseñanza secundaria en Torredembarra. Tarragona/ Josep Llinas. p. 112 |
| 505 0# - NOTA DE CONTENIDO CON FORMATO |
| Título principal |
Parque de vehículos y vertedero. Girona/ Esteve Aymerich y Ton Salvado. p. 122 |
| 505 0# - NOTA DE CONTENIDO CON FORMATO |
| Título principal |
Pabellón polideportivo en Vic, Barcelona/ Joan Forgas, Dolors Yta Catala y Julian Galindo. p. 130 |
| 505 0# - NOTA DE CONTENIDO CON FORMATO |
| Título principal |
Vivienda Unifamiliar en Vallvidrera. Barcelona / Carlos Ferrater y Joan Guibermau. p. 140 |
| 505 0# - NOTA DE CONTENIDO CON FORMATO |
| Título principal |
Exposición conmemorativa Museo de Arte Contemporáneo de Barcelona/ Luis Pau/ Estudio IDP. p. 150 |
| 505 0# - NOTA DE CONTENIDO CON FORMATO |
| Título principal |
Hogar dulce Hogar/ Eulalia Coma, NIAL o Flynn, Gustau Gili, Amy Lelyeld y Julia Schulz - Dornburg. p. 158 |
| 505 0# - NOTA DE CONTENIDO CON FORMATO |
| Título principal |
Palladio en el Tinell/ BOPBA. Josep Bohigas, Francesc Pla e Iñaki Baquero. p. 166 |
| 650 ## - MATERIA - TERMINO TEMATICO |
| Término tematico general |
Arquitectura contemporanea |
| 9 (RLIN) |
12621 |
| 650 ## - MATERIA - TERMINO TEMATICO |
| Término tematico general |
Urbanismo |
| 9 (RLIN) |
5 |
| 700 1# - ENTRADA SECUNDARIA - NOMBRES PERSONALES |
| Nombre personal |
Llopis, Carme |
| Función |
dir. |
| 9 (RLIN) |
12622 |
| 773 ## - ENTRADA DEL ITEM MAYOR |
| Entrada principal |
On Diseño |
| Lugar, editorial y fecha de la publicación |
Barcelona, AramEdiciones S.A. |
| Vol. - nro. (mes-año), pág. |
Nº 184 (1997). p.171 |
| ISSN |
0210-2080 |
| 908 ## - SOPORTE |
| Soporte |
Imp |
| 930 ## - ACCESION |
| N |
174 |
| Numero de accesion (NR) |
11442 |
| 942 ## - FUENTE DE CLASIFICACION |
| Clasificacion |
Universal Decimal Classification |
| Tipo de item |
Analítica |
| 945 ## - INFORMACION DE PROCESAMIENTO |
| Codigo del operador |
MBP |
| Fecha de ingreso o modificacion |
2019-02-20 |
| 980 ## - EQUIVALENCE OR CROSS-REFERENCE-SERIES STATEMENT--PERSONAL NAME/TITLE [LOCAL, CANADA] |
| Field link and sequence number |
6 |
| Miscellaneous information |
Mirna Bonanno Potro |
| Linkage |
6 |
| Personal name |
Mirna Bonanno Potro |